AC Milan Vs Inter Milan Best XI - Statistics

General Stats
  • This quiz has been taken 29 times
  • The average score is 13 of 22
Answer Stats
Hint Answer % Correct
DF(1985-2009 Paolo Maldini
96%
DF(1977-97 Franco Baresi
89%
DF(1985-2007 Alessandro Nesta
86%
FW(2018- Lautaro Martínez
86%
MF(1995-2014 Javier Zanetti
82%
MF(2003~2014 Kaká
71%
FW1999~2009 Andriy Shevchenko
68%
GK(1998-2016 Christian Abbiati
68%
MF(2002-12 Clarence Seedorf
68%
FW(1927~40 Giuseppe Meazza
61%
MF(1987-93 Ruud Gullit
57%
FW(1999-2005 Cristian Vieri
54%
MF(1960-79 Gianni Rivera
46%
DF(2001-11 Marco Materazzi
46%
DF(1979-99 Giuseppe Bergomi
43%
FW(1949-56 Gunnar Nordahl
43%
DF(1999-2012 Iván Córdoba
39%
GK(1978-94 Walter Zenga
39%
DF(1960-78 Giacinto Facchetti
32%
DF(1980-97 Mauro Tassotti
29%
MF(1960-77 Alessandro Mazzola
25%
MF(1961-70 Luis Suárez
25%
No matching quizzes found
Score Distribution
Percent of People with Each Score
Percentile by Number Answered
Your Score History
You have not taken this quiz